| 000 | 00711cam a22002177a 4500 | ||
|---|---|---|---|
| 001 | e 10001770 | ||
| 003 | DLC | ||
| 005 | 20260227111154.0 | ||
| 008 | 070917s1893 it 000 0 ita d | ||
| 010 | _ae 10001770 | ||
| 040 |
_aLibrary, U.S. Bur. of Education _cYUS _dDLC |
||
| 035 | _a(OCoLC)ocm43705808 | ||
| 035 |
_a(OCoLC)43705808 _z(OCoLC)41557290 |
||
| 042 | _alccopycat | ||
| 050 | 0 | 0 | _aMLCM 2007/44708 (L) |
| 100 | 1 | _aAllievo, Giuseppe. | |
| 245 | 1 | 0 |
_aStudi pedagogici in servigio degli studenti universitari delle scuole normali e degli istituti educativi / _cper Giuseppe Allievo. |
| 260 |
_aTorino : _bTip. subalpina S. Marino, _c1893. |
||
| 300 |
_a399 p. ; _c27 cm. |
||
| 650 | 0 | _aEducation. | |
| 999 |
_c19058 _d19058 |
||